[Event "Warsaw Superbet Blitz"]
[Site "Warsaw"]
[Date "2024.05.12"]
[Round "11"]
[White "Giri, Anish"]
[Black "Shevchenko, Kirill"]
[Result "1/2-1/2"]
[WhiteElo "2745"]
[BlackElo "2677"]
[PlyCount "131"]
[EventDate "2024.05.11"]
[EventType "tourn (blitz)"]
[EventRounds "18"]
[EventCountry "POL"]
[EventCategory "20"]
[SourceTitle "CB20_2024"]
[SourceDate "2024.05.16"]
[SourceVersion "1"]
[SourceVersionDate "2024.05.16"]
[SourceQuality "1"]

1. Nf3 Nf6 2. c4 g6 3. g3 Bg7 4. Bg2 0-0 5. 0-0 d6 6. Nc3 e5 7. d3 Nc6 8. Rb1 a5 9. a3 Re8 10. Bg5 h6 11. Bxf6 Bxf6 12. Nd2 Bg7 13. e3 Ne7 14. b4 axb4 15. axb4 c6 16. b5 d5 17. bxc6 bxc6 18. cxd5 cxd5 19. Nb3 Rb8 20. Qc2 h5 21. h4 Qd6 22. Na4 Bf5 23. Nbc5 Rec8 24. Rxb8 Qxb8 25. Qa2 Qd6 26. e4 dxe4 27. Nxe4 Qxd3 28. Nac5 Qd4 29. Qa3 Nd5 30. Nb3 Qb4 31. Qxb4 Nxb4 32. Nd6 Rc3 33. Nxf5 Rxb3 34. Ne7+ Kf8 35. Nd5 f5 36. Nxb4 Rxb4 37. Rc1 e4 38. Rc2 Bd4 39. Bf1 Rb3 40. Kg2 Rf3 41. Bc4 Ke7 42. Rd2 Bc5 43. Rc2 Kf6 44. Ba2 Bd4 45. Rd2 Ke5 46. Bf7 Bc3 47. Ra2 Kf6 48. Be8 Bd4 49. Rd2 Be5 50. Ra2 Rd3 51. Ra6+ Bd6 52. Ra2 e3 53. f4 Bb4 54. Bb5 Rd5 55. Be2 Be1 56. Kf3 Rd2 57. Ra1 Bf2 58. Ra6+ Kg7 59. Ra7+ Kf8 60. Ra6 Bxg3 61. Rxg6 Bxh4 62. Rh6 Bf2 63. Rxh5 Rd5 64. Bc4 Rc5 65. Bd3 Ke7 66. Rxf5 1/2-1/2

[Event "Warsaw Superbet Blitz"]
[Site "Warsaw"]
[Date "2024.05.12"]
[Round "10"]
[White "Shevchenko, Kirill"]
[Black "Carlsen, Magnus"]
[Result "0-1"]
[WhiteElo "2677"]
[BlackElo "2830"]
[PlyCount "46"]
[EventDate "2024.05.11"]
[EventType "tourn (blitz)"]
[EventRounds "18"]
[EventCountry "POL"]
[EventCategory "20"]
[SourceTitle "CB20_2024"]
[SourceDate "2024.05.16"]
[SourceVersion "1"]
[SourceVersionDate "2024.05.16"]
[SourceQuality "1"]

1. d4 g6 2. e4 d6 3. Nc3 c6 4. Nf3 Nf6 5. Be3 Nbd7 6. Qd2 b5 7. a3 Bg7 8. Bh6 Bxh6 9. Qxh6 e5 10. 0-0-0 Qe7 11. dxe5 dxe5 12. Bxb5 cxb5 13. Nxb5 Qc5 14. Nd6+ Ke7 15. Ng5 Rf8 16. f4 Rb8 17. Qh4 Qe3+ 18. Kb1 Qxf4 19. Qh6 Ng4 20. Nf5+ Qxf5 21. Qxf8+ Nxf8 22. exf5 Nf2 23. fxg6 hxg6 0-1

[Event "Warsaw Superbet Blitz"]
[Site "Warsaw"]
[Date "2024.05.11"]
[Round "3"]
[White "Erigaisi, Arjun Kumar"]
[Black "Shevchenko, Kirill"]
[Result "1-0"]
[WhiteElo "2762"]
[BlackElo "2677"]
[PlyCount "77"]
[EventDate "2024.05.11"]
[EventType "tourn (blitz)"]
[EventRounds "18"]
[EventCountry "POL"]
[EventCategory "20"]
[SourceTitle "CB20_2024"]
[SourceDate "2024.05.16"]
[SourceVersion "1"]
[SourceVersionDate "2024.05.16"]
[SourceQuality "1"]

1. c4 Nf6 2. Nc3 g6 3. e4 d6 4. d4 Bg7 5. Be2 0-0 6. Nf3 e5 7. d5 a5 8. Nd2 Na6 9. g4 c6 10. h4 cxd5 11. cxd5 Bd7 12. h5 Nc5 13. a4 Rc8 14. g5 Ne8 15. Nc4 f5 16. gxf6 Qxf6 17. Be3 gxh5 18. Rxh5 Qe7 19. Nb6 Rc7 20. Nxd7 Nxd7 21. Nb5 Rc8 22. Bg4 Nef6 23. Be6+ Kh8 24. Rh3 Rc4 25. Bf5 Nc5 26. f3 b6 27. Ke2 Rb4 28. b3 Rxb3 29. Qc2 Rxe3+ 30. Kxe3 Nxd5+ 31. exd5 Qg5+ 32. Kf2 e4 33. Rxh7+ Kg8 34. Rxg7+ Kxg7 35. Rg1 Rxf5 36. Rxg5+ Rxg5 37. fxe4 Rh5 38. Qc3+ Kg6 39. Nxd6 1-0

[Event "Warsaw Superbet Blitz"]
[Site "Warsaw"]
[Date "2024.05.11"]
[Round "4"]
[White "Gukesh, Dommaraju"]
[Black "Shevchenko, Kirill"]
[Result "0-1"]
[WhiteElo "2764"]
[BlackElo "2677"]
[PlyCount "100"]
[EventDate "2024.05.11"]
[EventType "tourn (blitz)"]
[EventRounds "18"]
[EventCountry "POL"]
[EventCategory "20"]
[SourceTitle "CB20_2024"]
[SourceDate "2024.05.16"]
[SourceVersion "1"]
[SourceVersionDate "2024.05.16"]
[SourceQuality "1"]

1. Nf3 Nf6 2. g3 g6 3. Bg2 Bg7 4. 0-0 0-0 5. c4 d6 6. d4 Nbd7 7. Nc3 e5 8. e4 exd4 9. Nxd4 Nc5 10. h3 Re8 11. Re1 h6 12. b3 c6 13. Bb2 h5 14. Qd2 Nfd7 15. Rad1 h4 16. g4 Ne5 17. Qc2 Qb6 18. Nce2 a5 19. a3 a4 20. b4 Nb3 21. Kh1 g5 22. Rf1 Be6 23. Nxe6 fxe6 24. Rxd6 Rad8 25. Rxd8 Rxd8 26. Bc1 Rf8 27. Be3 Qd8 28. Rd1 Qe7 29. f4 gxf4 30. Bxf4 c5 31. b5 Nd4 32. Nxd4 Rxf4 33. Ne2 Rf2 34. Rf1 Qf7 35. Rxf2 Qxf2 36. Qd1 Bf6 37. Ng1 Nxc4 38. Qd7 Bd4 39. Qxe6+ Qf7 40. Qc8+ Kg7 41. Nf3 Ne3 42. Nxh4 Qf2 43. Qd7+ Kf6 44. Qd6+ Kf7 45. Qd7+ Kf6 46. e5+ Kg5 47. Nf3+ Kf4 48. Nh4 Qe1+ 49. Kh2 Nf1+ 50. Bxf1 Qg3+ 0-1

[Event "Warsaw Superbet Rapid"]
[Site "Warsaw"]
[Date "2024.05.09"]
[Round "5"]
[White "Erigaisi, Arjun Kumar"]
[Black "Shevchenko, Kirill"]
[Result "1-0"]
[WhiteElo "2762"]
[BlackElo "2677"]
[PlyCount "85"]
[EventDate "2024.05.08"]
[EventType "tourn (rapid)"]
[EventRounds "9"]
[EventCountry "POL"]
[EventCategory "20"]
[SourceTitle "CB20_2024"]
[SourceDate "2024.05.16"]
[SourceVersion "1"]
[SourceVersionDate "2024.05.16"]
[SourceQuality "1"]

1. c4 c6 2. Nf3 d5 3. e3 Nf6 4. Nc3 e6 5. b3 Bd6 6. Bb2 0-0 7. d4 Nbd7 8. Bd3 e5 9. cxd5 cxd5 10. dxe5 Nxe5 11. Be2 Nxf3+ 12. Bxf3 Be5 13. 0-0 Bf5 14. Qe2 Qa5 15. Nxd5 Bxb2 16. Ne7+ Kh8 17. Qxb2 Be6 18. e4 Rae8 19. b4 Qg5 20. Nf5 Bxf5 21. exf5 Ne4 22. Rfe1 Nd6 23. Qd4 Nxf5 24. Qxa7 Qd2 25. Red1 Qxb4 26. Qxb7 Qa3 27. g3 Rb8 28. Qd5 g6 29. Be4 Ng7 30. Qd3 Qa5 31. a4 Ne6 32. Bd5 Rb6 33. Qd2 Qxd2 34. Rxd2 Rd8 35. Rdd1 Nc5 36. Bf3 Rdb8 37. a5 Rf6 38. Be2 Re8 39. a6 Rfe6 40. Bc4 R6e7 41. Ra5 Rc7 42. Bd5 Ree7 43. a7 1-0

[Event "Sardinia World op-A"]
[Site "Orosei"]
[Date "2024.05.02"]
[Round "7"]
[White "Shevchenko, Kirill"]
[Black "Aizenberg, Benny"]
[Result "1-0"]
[WhiteElo "2675"]
[BlackElo "2409"]
[PlyCount "144"]
[EventDate "2024.04.27"]
[EventType "swiss"]
[EventRounds "9"]
[EventCountry "ITA"]
[SourceTitle "CB19_2024"]
[SourceDate "2024.05.08"]
[SourceVersion "1"]
[SourceVersionDate "2024.05.08"]
[SourceQuality "1"]

1. d4 Nf6 2. c4 e6 3. Nc3 Bb4 4. e3 0-0 5. Bd3 Re8 6. Nge2 d5 7. 0-0 Bf8 8. Qc2 b6 9. e4 dxc4 10. Bxc4 Ba6 11. Bxa6 Nxa6 12. Rd1 Qc8 13. Bg5 Nd7 14. Rac1 c5 15. dxc5 Ndxc5 16. a3 e5 17. Be3 Qb7 18. b4 Ne6 19. Qa4 Red8 20. Nd5 Rac8 21. Rxc8 Rxc8 22. g3 Nb8 23. h4 h5 24. Qb5 Qc6 25. Nec3 Qc4 26. Kg2 Qb3 27. Rc1 Rc6 28. Qe2 g6 29. Rb1 Qc4 30. Qf3 Nd4 31. Bxd4 exd4 32. Ne2 Qc2 33. Rb3 Rc4 34. Nf6+ Kg7 35. Ne8+ Kg8 36. Nf6+ Kg7 37. Rd3 Be7 38. e5 Nc6 39. Nd7 Qa4 40. Qd5 Qc2 41. Rf3 Nd8 42. Nxd4 Rxd4 43. Qxd4 Ne6 44. Qd5 g5 45. Nf6 Qg6 46. hxg5 Nxg5 47. Rf4 Ne6 48. Rh4 Bxf6 49. exf6+ Kxf6 50. Qxh5 Qc2 51. Qf3+ Ke7 52. Re4 Qc6 53. Re3 Qd7 54. Qe4 Kf8 55. Rd3 Qc8 56. Qe5 Qc6+ 57. Qd5 Qc8 58. Rd1 Qc2 59. Re1 Qc3 60. Rxe6 fxe6 61. Qa8+ Ke7 62. Qxa7+ Kf6 63. Qxb6 Qxa3 64. b5 Qb3 65. Qc6 Kg5 66. b6 e5 67. b7 Qb1 68. Qd5 Kf6 69. Qd6+ Kf7 70. Qc7+ Ke6 71. b8Q Qe4+ 72. Kh2 Kd5 1-0

[Event "Sardinia World op-A"]
[Site "Orosei"]
[Date "2024.04.30"]
[Round "4"]
[White "Chyzy, Jakub"]
[Black "Shevchenko, Kirill"]
[Result "0-1"]
[WhiteElo "2314"]
[BlackElo "2675"]
[PlyCount "74"]
[EventDate "2024.04.27"]
[EventType "swiss"]
[EventRounds "9"]
[EventCountry "ITA"]
[SourceTitle "CB19_2024"]
[SourceDate "2024.05.08"]
[SourceVersion "1"]
[SourceVersionDate "2024.05.08"]
[SourceQuality "1"]

1. e4 c5 2. Nf3 d6 3. Bb5+ Nc6 4. 0-0 Bd7 5. c4 e5 6. Nc3 Nge7 7. a3 Ng6 8. b4 Be7 9. Bxc6 Bxc6 10. d3 0-0 11. Be3 f5 12. exf5 Rxf5 13. Nd2 b6 14. Nde4 Nf4 15. b5 Bb7 16. a4 d5 17. cxd5 Nxd5 18. a5 Rb8 19. axb6 axb6 20. Qg4 Bc8 21. Nxd5 Qxd5 22. Bh6 Rf7 23. Qg3 Bf5 24. Rfe1 Kh8 25. Ng5 Bxg5 26. Bxg5 Qxd3 27. Qxe5 Rbf8 28. Be7 Rc8 29. Ra7 h6 30. h3 Qxb5 31. Re3 Qc6 32. Rf3 Qg6 33. g4 Bxg4 34. Rxf7 Be6+ 35. Kh2 Qxf7 36. f4 Re8 37. Qc7 Rxe7 0-1

[Event "Sardinia World op-A"]
[Site "Orosei"]
[Date "2024.04.28"]
[Round "2"]
[White "Yankelevich, Lev"]
[Black "Shevchenko, Kirill"]
[Result "1-0"]
[WhiteElo "2413"]
[BlackElo "2675"]
[PlyCount "93"]
[EventDate "2024.04.27"]
[EventType "swiss"]
[EventRounds "9"]
[EventCountry "ITA"]
[SourceTitle "CB19_2024"]
[SourceDate "2024.05.08"]
[SourceVersion "1"]
[SourceVersionDate "2024.05.08"]
[SourceQuality "1"]

1. d4 Nf6 2. c4 e6 3. Nf3 d5 4. g3 Bb4+ 5. Bd2 Bd6 6. Bg2 0-0 7. 0-0 Nbd7 8. c5 Be7 9. b4 Ne4 10. Nc3 f5 11. Ne1 c6 12. Nc2 e5 13. Nxe4 fxe4 14. f3 exf3 15. exf3 a5 16. a3 exd4 17. Nxd4 Ne5 18. Bc3 Nc4 19. Re1 Bf6 20. Bf1 Re8 21. Bd3 axb4 22. axb4 Rxa1 23. Qxa1 Bd7 24. Nc2 Bxc3 25. Qxc3 Rxe1+ 26. Nxe1 Be6 27. Nc2 Bf7 28. Kf2 Qa8 29. Qa1 Qc8 30. Nd4 g6 31. Nc2 Qd8 32. Qd4 Qa8 33. Qa1 Qc8 34. Qd4 Qa8 35. Qa1 Qb8 36. Qf6 Ne5 37. Be2 Qe8 38. h4 Nc4 39. h5 gxh5 40. Bxc4 dxc4 41. Nd4 h4 42. Nf5 hxg3+ 43. Kg2 Qe2+ 44. Kh3 Kf8 45. Qh8+ Bg8 46. Qg7+ Ke8 47. Nd6+ 1-0

[Event "ITA-chT Final 55th"]
[Site "Vasto"]
[Date "2024.04.13"]
[Round "1.1"]
[White "Fier, Alexandr"]
[Black "Shevchenko, Kirill"]
[Result "1/2-1/2"]
[WhiteElo "2566"]
[BlackElo "2675"]
[PlyCount "106"]
[EventDate "2024.04.13"]
[EventType "team-k.o."]
[EventRounds "2"]
[EventCountry "ITA"]
[SourceTitle "CB16_2024"]
[SourceDate "2024.04.17"]
[SourceVersion "1"]
[SourceVersionDate "2024.04.17"]
[SourceQuality "1"]
[WhiteTeam "Lazio Scacchi"]
[BlackTeam "Pedone Isolano"]
[WhiteTeamCountry "ITA"]
[BlackTeamCountry "ITA"]

1. e4 e5 2. Nf3 Nc6 3. Bc4 Nf6 4. d3 h6 5. 0-0 Bc5 6. c3 d6 7. Nbd2 0-0 8. h3 Bb6 9. a4 a5 10. Re1 Kh8 11. Nf1 Be6 12. Bxe6 fxe6 13. Be3 Bxe3 14. Rxe3 d5 15. Qb3 Qd6 16. Ng3 d4 17. Ree1 Nd7 18. Qa3 Nc5 19. Red1 b6 20. Rac1 dxc3 21. bxc3 Nxe4 22. Qxd6 Nxd6 23. Re1 Nf7 24. Re4 Nd6 25. Ree1 Nf7 26. Re4 Rac8 27. Rc4 Nb8 28. Re1 Nd7 29. Rc6 Nd8 30. Rc4 Nf7 31. Rc6 Nc5 32. Nxe5 Nxe5 33. Rxe5 Nxa4 34. Rexe6 Nc5 35. Re7 a4 36. Nh5 Rfe8 37. Rxg7 Re6 38. Rcxc7 Rxc7 39. Rxc7 Nxd3 40. Ra7 b5 41. Ra5 Rb6 42. Kf1 Nc5 43. Ke2 Re6+ 44. Kd1 Ne4 45. Kc2 Rc6 46. Rxb5 Rxc3+ 47. Kb2 a3+ 48. Ka2 Nxf2 49. Rb3 Rxb3 50. Kxb3 Kh7 51. Nf4 Kg7 52. Kxa3 Kf6 53. Kb3 Ke5 1/2-1/2

[Event "ITA-chT GpB 55th"]
[Site "Vasto"]
[Date "2024.04.12"]
[Round "7.13"]
[White "Stella, Andrea"]
[Black "Shevchenko, Kirill"]
[Result "0-1"]
[WhiteElo "2403"]
[BlackElo "2675"]
[PlyCount "59"]
[EventDate "2024.04.08"]
[EventType "team-tourn"]
[EventRounds "7"]
[EventCountry "ITA"]
[SourceTitle "CB16_2024"]
[SourceDate "2024.04.17"]
[SourceVersion "1"]
[SourceVersionDate "2024.04.17"]
[SourceQuality "1"]
[WhiteTeam "WorldtradingLab"]
[BlackTeam "Pedone Isolano"]
[WhiteTeamCountry "ITA"]
[BlackTeamCountry "ITA"]

1. d4 Nf6 2. c4 c5 3. d5 e6 4. Nc3 exd5 5. cxd5 d6 6. Nf3 g6 7. h3 Bg7 8. e4 0-0 9. Bd3 Re8 10. 0-0 Nbd7 11. Re1 Ne5 12. Nxe5 Rxe5 13. f4 Re7 14. a4 Bd7 15. e5 dxe5 16. fxe5 Qe8 17. e6 fxe6 18. Bg5 Nh5 19. g4 Qb8 20. d6 Bd4+ 21. Kg2 Rf7 22. Rf1 Rxf1 23. Qxf1 Qxd6 24. Ne4 Bc6 25. gxh5 Rf8 26. Qe2 Rf2+ 27. Qxf2 Bxf2 28. Kxf2 Qxd3 29. Nf6+ Kf7 30. Ke1 0-1

[Event "ITA-chT GpB 55th"]
[Site "Vasto"]
[Date "2024.04.08"]
[Round "1.13"]
[White "Shevchenko, Kirill"]
[Black "Socko, Bartosz"]
[Result "1-0"]
[WhiteElo "2675"]
[BlackElo "2565"]
[PlyCount "85"]
[EventDate "2024.04.08"]
[EventType "team-tourn"]
[EventRounds "7"]
[EventCountry "ITA"]
[SourceTitle "CB16_2024"]
[SourceDate "2024.04.17"]
[SourceVersion "1"]
[SourceVersionDate "2024.04.17"]
[SourceQuality "1"]
[WhiteTeam "Pedone Isolano"]
[BlackTeam "Chieti"]
[WhiteTeamCountry "ITA"]
[BlackTeamCountry "ITA"]

1. c4 e5 2. Nc3 Nc6 3. Nf3 Nf6 4. g3 Bc5 5. Bg2 0-0 6. d3 Re8 7. Bg5 h6 8. Bxf6 Qxf6 9. 0-0 a6 10. Nd2 Qd8 11. Rb1 d6 12. e3 Bf5 13. Nde4 Ba7 14. b4 Ne7 15. b5 c6 16. bxc6 bxc6 17. c5 Bxc5 18. Nxc5 dxc5 19. Ne4 Bxe4 20. dxe4 Qa5 21. Qc2 Rab8 22. Rxb8 Rxb8 23. Rc1 Qa3 24. Bf1 Ng6 25. Qxc5 Qxa2 26. Qxc6 Qd2 27. Bxa6 Rb6 28. Qxb6 Qxc1+ 29. Kg2 Kh7 30. Qd6 Qb1 31. Qd5 f6 32. Bd3 Qb8 33. h4 Qc8 34. Bc4 Ne7 35. Qf7 Qb7 36. Kf3 Qd7 37. Be6 Qd8 38. g4 Nc6 39. g5 fxg5 40. Bf5+ Kh8 41. Qg6 Kg8 42. Qxc6 gxh4 43. Qd5+ 1-0

[Event "Karlsruhe Grenke op"]
[Site "Karlsruhe"]
[Date "2024.04.01"]
[Round "9"]
[White "Shevchenko, Kirill"]
[Black "Vavulin, Maksim"]
[Result "1-0"]
[WhiteElo "2670"]
[BlackElo "2538"]
[PlyCount "65"]
[EventDate "2024.03.28"]
[EventType "swiss"]
[EventRounds "9"]
[EventCountry "GER"]
[SourceTitle "CB14_2024"]
[SourceDate "2024.04.01"]
[SourceVersion "1"]
[SourceVersionDate "2024.04.01"]
[SourceQuality "1"]

1. d4 g6 2. e4 Bg7 3. Nc3 d6 4. Nf3 a6 5. Be3 b5 6. h4 Nf6 7. e5 Ng4 8. h5 0-0 9. Bd3 c5 10. hxg6 hxg6 11. Be4 Ra7 12. Qe2 b4 13. Nd5 Nxe3 14. fxe3 e6 15. Nf4 d5 16. Bd3 c4 17. g4 cxd3 18. Qh2 Re8 19. Qh7+ Kf8 20. 0-0 Ree7 21. Ng5 f5 22. exf6 Bxf6 23. Nxg6+ Ke8 24. Nxe7 Bxe7 25. Nf7 Qb6 26. Qg8+ Bf8 27. Qg6 Be7 28. cxd3 Nc6 29. Ne5+ Kd8 30. Rac1 Bd7 31. Qg8+ Kc7 32. Nxc6 Bxc6 33. Qxe6 1-0

[Event "Karlsruhe Grenke op"]
[Site "Karlsruhe"]
[Date "2024.03.31"]
[Round "7"]
[White "Shevchenko, Kirill"]
[Black "Peyrer, Konstantin"]
[Result "1-0"]
[WhiteElo "2670"]
[BlackElo "2434"]
[PlyCount "47"]
[EventDate "2024.03.28"]
[EventType "swiss"]
[EventRounds "9"]
[EventCountry "GER"]
[SourceTitle "CB14_2024"]
[SourceDate "2024.04.01"]
[SourceVersion "1"]
[SourceVersionDate "2024.04.01"]
[SourceQuality "1"]

1. c4 e6 2. g3 d5 3. Bg2 Nf6 4. Nf3 d4 5. 0-0 c5 6. e3 Nc6 7. exd4 cxd4 8. d3 Be7 9. Bg5 h6 10. Bxf6 gxf6 11. Nbd2 Kf8 12. Qe2 Kg7 13. Rac1 f5 14. c5 Bd7 15. a3 a5 16. Nc4 Bxc5 17. Nfe5 Be7 18. Nxd7 Qxd7 19. Nb6 Qd6 20. Nxa8 Rxa8 21. Rc2 a4 22. Rfc1 Na5 23. Rc7 Rb8 24. Rxe7 1-0

[Event "Karlsruhe Grenke op"]
[Site "Karlsruhe"]
[Date "2024.03.29"]
[Round "2"]
[White "Ruff, Maximilian"]
[Black "Shevchenko, Kirill"]
[Result "0-1"]
[WhiteElo "2259"]
[BlackElo "2670"]
[PlyCount "78"]
[EventDate "2024.03.28"]
[EventType "swiss"]
[EventRounds "9"]
[EventCountry "GER"]
[SourceTitle "CB14_2024"]
[SourceDate "2024.04.01"]
[SourceVersion "1"]
[SourceVersionDate "2024.04.01"]
[SourceQuality "1"]

1. d4 Nf6 2. c4 e6 3. Nc3 Bb4 4. Qc2 b6 5. e4 c5 6. d5 Qe7 7. Be2 exd5 8. exd5 d6 9. Nf3 0-0 10. 0-0 Bxc3 11. bxc3 Bg4 12. Bf4 Re8 13. Bd1 Nbd7 14. h3 Bxf3 15. Bxf3 Ne5 16. Be2 Ng6 17. Be3 Ne4 18. Bd3 Qh4 19. a4 Nf6 20. Qd2 Ne5 21. Bg5 Ne4 22. Bxe4 Qxe4 23. Rfe1 Qxc4 24. a5 b5 25. a6 Rab8 26. Bf4 f6 27. Bg3 h6 28. f4 Qd3 29. Qf2 Nc4 30. Rad1 Qxc3 31. Re6 b4 32. Rde1 Rf8 33. f5 b3 34. Re7 b2 35. Rb7 Qd3 36. Bf4 Rxb7 37. axb7 b1Q 38. Rxb1 Qxb1+ 39. Kh2 Qxb7 0-1

[Event "Karlsruhe Grenke op"]
[Site "Karlsruhe"]
[Date "2024.03.28"]
[Round "1"]
[White "Shevchenko, Kirill"]
[Black "Kotyk, Michael"]
[Result "1-0"]
[WhiteElo "2670"]
[BlackElo "2125"]
[PlyCount "76"]
[EventDate "2024.03.28"]
[EventType "swiss"]
[EventRounds "9"]
[EventCountry "GER"]
[SourceTitle "CB14_2024"]
[SourceDate "2024.04.01"]
[SourceVersion "1"]
[SourceVersionDate "2024.04.01"]
[SourceQuality "1"]

1. e4 e5 2. Nf3 Nc6 3. Bb5 a6 4. Ba4 Be7 5. 0-0 Nf6 6. d3 b5 7. Bb3 0-0 8. Nc3 Bb7 9. Re1 d6 10. a3 Na5 11. Ba2 c5 12. Ne2 Bc8 13. Ng3 Be6 14. Bxe6 fxe6 15. Bd2 Nc6 16. b4 a5 17. Rb1 axb4 18. axb4 cxb4 19. Bxb4 Qd7 20. Bd2 Rfb8 21. c3 d5 22. Qc2 d4 23. Ne2 Nxe4 24. dxe4 d3 25. Qd1 dxe2 26. Qxe2 Ra2 27. Red1 Qa7 28. Rxb5 Rd8 29. Qc4 Rd6 30. Rbb1 Ra4 31. Qb3 Ra3 32. Qb5 Qd7 33. Rdc1 Rd3 34. Qc4 Ra8 35. Be3 Rc8 36. Qa6 Rd6 37. Bc5 Nb8 38. Qb5 Qc7 1-0

[Event "Bundesliga 2324"]
[Site "Germany"]
[Date "2024.02.23"]
[Round "9.1"]
[White "Kadric, Denis"]
[Black "Shevchenko, Kirill"]
[Result "0-1"]
[WhiteElo "2579"]
[BlackElo "2671"]
[PlyCount "56"]
[EventDate "2023.10.21"]
[EventType "team-tourn"]
[EventRounds "15"]
[EventCountry "GER"]
[SourceTitle "CB09_2024"]
[SourceDate "2024.02.28"]
[SourceVersion "1"]
[SourceVersionDate "2024.02.28"]
[SourceQuality "1"]
[WhiteTeam "Kirchweyhe"]
[BlackTeam "Werder Bremen"]
[WhiteTeamCountry "GER"]
[BlackTeamCountry "GER"]

1. e4 c5 2. Nf3 d6 3. d4 cxd4 4. Nxd4 Nf6 5. Nc3 Nc6 6. Bc4 e6 7. Be3 Bd7 8. Bb3 Nxd4 9. Qxd4 Be7 10. 0-0-0 0-0 11. f4 b5 12. a3 a5 13. e5 Ng4 14. exd6 Bf6 15. Qb6 b4 16. Ne4 a4 17. Ba2 b3 18. Bb1 bxc2 19. Bxc2 Bxb2+ 20. Qxb2 Nxe3 21. Rd3 Nxc2 22. Qxc2 Rc8 23. Rc3 Rxc3 24. Nxc3 Qb6 25. Rd1 Rc8 26. g3 Qc5 27. Kb2 Rb8+ 28. Ka1 Rb3 0-1

[Event "Chessable Play In Match D2"]
[Site "Chess.com INT"]
[Date "2024.02.01"]
[Round "2.3"]
[White "Shevchenko, Kirill"]
[Black "Xiong, Jeffery"]
[Result "0-1"]
[WhiteElo "2661"]
[BlackElo "2659"]
[PlyCount "52"]
[EventDate "2024.02.01"]
[EventType "k.o. (rapid)"]
[EventRounds "2"]
[EventCountry "USA"]
[SourceTitle "CB06_2024"]
[SourceDate "2024.02.07"]
[SourceVersion "1"]
[SourceVersionDate "2024.02.07"]
[SourceQuality "1"]

1. d4 d5 2. c4 e6 3. Nc3 Nf6 4. Nf3 c5 5. e3 Nc6 6. a3 dxc4 7. Bxc4 a6 8. 0-0 b5 9. Ba2 Bb7 10. Qe2 Be7 11. Rd1 Qc7 12. Ng5 h6 13. Nge4 Nxe4 14. Nxe4 c4 15. b3 cxb3 16. Bxb3 Na5 17. Bc2 Rc8 18. Nc5 Bxc5 19. dxc5 Qxc5 20. Rd2 0-0 21. Bb2 Nc4 22. Bd4 Qc6 23. Qg4 e5 24. Bf5 exd4 25. Rxd4 Rcd8 26. Rf4 Bc8 0-1

[Event "Chessable Masters Play In"]
[Site "Chess.com INT"]
[Date "2024.01.31"]
[Round "2"]
[White "Shevchenko, Kirill"]
[Black "Gavrilescu, David"]
[Result "1/2-1/2"]
[WhiteElo "2651"]
[BlackElo "2523"]
[PlyCount "95"]
[EventDate "2024.01.31"]
[EventType "swiss (rapid)"]
[EventRounds "9"]
[EventCountry "USA"]
[SourceTitle "CB06_2024"]
[SourceDate "2024.02.07"]
[SourceVersion "1"]
[SourceVersionDate "2024.02.07"]
[SourceQuality "1"]

1. c4 e6 2. g3 d5 3. Bg2 Nf6 4. Nf3 Be7 5. 0-0 0-0 6. b3 b6 7. Bb2 Bb7 8. e3 c5 9. Nc3 Qc8 10. Rc1 Rd8 11. cxd5 Nxd5 12. d4 Nxc3 13. Bxc3 Nc6 14. Qc2 cxd4 15. Nxd4 Nxd4 16. Bxd4 Bxg2 17. Kxg2 Qb7+ 18. Qc6 Qa6 19. Qe4 Rac8 20. a4 h6 21. h4 Bf8 22. g4 Qa5 23. Rh1 Qd2 24. Rxc8 Rxc8 25. g5 Qc2 26. Kf3 h5 27. Rb1 Be7 28. Qxc2 Rxc2 29. b4 Rc4 30. b5 Rxa4 31. Rc1 Bc5 32. Bxc5 bxc5 33. Rxc5 Rxh4 34. Rc7 Rb4 35. Rb7 h4 36. Rxa7 Rxb5 37. Kg4 Rb4+ 38. Kh3 e5 39. Re7 Re4 40. Rb7 g6 41. Rc7 Kg7 42. Rb7 Rc4 43. Re7 Rc2 44. Rxe5 Rxf2 45. Kxh4 Rg2 46. Kh3 Rg1 47. Kh2 Ra1 48. Kg3 1/2-1/2

[Event "Chessable Masters Play In"]
[Site "Chess.com INT"]
[Date "2024.01.31"]
[Round "9"]
[White "Shevchenko, Kirill"]
[Black "Keymer, Vincent"]
[Result "1/2-1/2"]
[WhiteElo "2651"]
[BlackElo "2743"]
[PlyCount "59"]
[EventDate "2024.01.31"]
[EventType "swiss (rapid)"]
[EventRounds "9"]
[EventCountry "USA"]
[SourceTitle "CB06_2024"]
[SourceDate "2024.02.07"]
[SourceVersion "1"]
[SourceVersionDate "2024.02.07"]
[SourceQuality "1"]

1. e4 c6 2. d4 d5 3. exd5 cxd5 4. c4 Nf6 5. Nc3 Nc6 6. Nf3 a6 7. cxd5 Nxd5 8. Bc4 e6 9. 0-0 Be7 10. h3 0-0 11. Nxd5 exd5 12. Bd3 Bf6 13. Be3 Re8 14. Rc1 Be6 15. Qd2 Rc8 16. Rc3 Qd7 17. Bg5 Bxg5 18. Qxg5 f6 19. Qh5 g6 20. Qh4 Kg7 21. Qf4 Ne7 22. Rfc1 Rxc3 23. Rxc3 Rc8 24. Rxc8 Qxc8 25. Qe3 Qd7 26. Ne1 Bf5 27. Nc2 Bxd3 28. Qxd3 Nf5 29. Ne3 Nxe3 30. Qxe3 1/2-1/2

[Event "Chessable Masters Play In"]
[Site "Chess.com INT"]
[Date "2024.01.31"]
[Round "5"]
[White "Shevchenko, Kirill"]
[Black "Neiksans, Arturs"]
[Result "1-0"]
[WhiteElo "2651"]
[BlackElo "2588"]
[PlyCount "179"]
[EventDate "2024.01.31"]
[EventType "swiss (rapid)"]
[EventRounds "9"]
[EventCountry "USA"]
[SourceTitle "CB06_2024"]
[SourceDate "2024.02.07"]
[SourceVersion "1"]
[SourceVersionDate "2024.02.07"]
[SourceQuality "1"]

1. e4 c5 2. c3 Nf6 3. e5 Nd5 4. Nf3 d6 5. d4 cxd4 6. cxd4 dxe5 7. dxe5 Nc6 8. Bc4 Ndb4 9. 0-0 Qxd1 10. Rxd1 Bg4 11. Nc3 Bxf3 12. gxf3 Nxe5 13. Bb5+ Nbc6 14. f4 Nd7 15. Be3 e6 16. Rac1 Rc8 17. Bxa7 Be7 18. Ne4 Nf6 19. Nd6+ Bxd6 20. Rxd6 Nd5 21. f5 Ke7 22. Bc5 Kf6 23. fxe6 fxe6 24. Rd1 Nf4 25. Rd7 b6 26. Be3 g5 27. R7d6 Ne5 28. Rxb6 Nf3+ 29. Kh1 Rhd8 30. Bd7 Rc7 31. Rbd6 Ke7 32. Bxf4 gxf4 33. Rxe6+ Kf7 34. Red6 Ke7 35. Re6+ Kf7 36. Re4 Ng5 37. Red4 Ke7 38. Re1+ Kf6 39. Rxf4+ Kg7 40. Rg1 h6 41. h4 Rdxd7 42. hxg5 h5 43. g6 Rd2 44. b4 Rxa2 45. Rg5 Rb2 46. Kg2 Rb7 47. Rxh5 R2xb4 48. Rxb4 Rxb4 49. Rg5 Rb7 50. Kg3 Rb4 51. Rg4 Rb5 52. f3 Ra5 53. Kf4 Rb5 54. Kg3 Ra5 55. Kh3 Rh5+ 56. Kg2 Ra5 57. Rg3 Rb5 58. f4 Ra5 59. Kh3 Rb5 60. Kh4 Ra5 61. Rg5 Ra1 62. f5 Kf6 63. Rh5 Rg1 64. Kh3 Rh1+ 65. Kg4 Rg1+ 66. Kf4 Rf1+ 67. Ke4 Re1+ 68. Kd5 Rd1+ 69. Kc6 Rc1+ 70. Kd7 Rd1+ 71. Ke8 Ra1 72. Kd7 Rd1+ 73. Kc6 Rc1+ 74. Kb5 Rg1 75. Kc4 Re1 76. Kd3 Re8 77. Kd4 Re1 78. Kc5 Re2 79. Kd6 Re1 80. Rh8 Rd1+ 81. Kc5 Rc1+ 82. Kd5 Rd1+ 83. Kc4 Rg1 84. Rf8+ Kg7 85. Rf7+ Kh6 86. Kd5 Ra1 87. Rh7+ Kg5 88. g7 Ra5+ 89. Kc4 Ra4+ 90. Kb5 1-0